| 000 -LEADER | |
|---|---|
| fixed length control field | 00480nam a22001817a 4500 |
| 005 - DATE AND TIME OF LATEST TRANSACTION | |
| control field | 20210904120305.0 |
| 008 - FIXED-LENGTH DATA ELEMENTS--GENERAL INFORMATION | |
| fixed length control field | 200608b xxu||||| |||| 00| 0 eng d |
| 020 ## - INTERNATIONAL STANDARD BOOK NUMBER | |
| ISBN | 9789388822855 |
| 041 ## - LANGUAGE CODE | |
| Language code of text/sound track or separate title | eng |
| 082 ## - DEWEY DECIMAL CLASSIFICATION NUMBER | |
| Classification number | 345.730 5 |
| 100 ## - MAIN ENTRY--AUTHOR NAME | |
| Personal name | PILLAI , DR . K.N. CHANDRASEKHARAN AND KELKAR'S , R.V. |
| 245 ## - TITLE STATEMENT | |
| Title | CRIMINAL PROCEDURE |
| 250 ## - EDITION STATEMENT | |
| Edition statement | 6TH, ED.,2019 |
| 260 ## - PUBLICATION, DISTRIBUTION, ETC. (IMPRINT) | |
| Place of publication | LUCKNOW |
| Name of publisher | E.B.C PUBLISHING PVT, LTD |
| 300 ## - PHYSICAL DESCRIPTION | |
| Number of Pages | 940;p cxxvii; |
| 650 ## - SUBJECT ADDED ENTRY--TOPICAL TERM | |
| Topical Term | LAW |
| 942 ## - ADDED ENTRY ELEMENTS (KOHA) | |
| Koha item type | Books |
| Lost status | Damaged status | Collection code | Home library | Current library | Shelving location | Date acquired | Source of acquisition | Cost, normal purchase price | Full call number | Accession Number | Koha item type |
|---|---|---|---|---|---|---|---|---|---|---|---|
| Reference | JRU Library | JRU Library | SHELF -1-B | 20/06/2020 | PURCHESS | 735.00 | 345.730 5 | 24918 | Books | ||
| JRU Library | JRU Library | SHELF- 67 B | 20/06/2020 | PURCHESS | 735.00 | 345.730 5 | 24919 | Books |